Mario Kart 8 Deluxe - les Personnages [avec image] - Statistiques

Statistiques générales
  • Ce quiz a été pris 64 fois
    38 depuis la dernière actualisation
  • Le résultat moyen est 45 sur 51
Statistiques - réponses
Par images Réponse % Correct
Bébé Luigi
100%
Bébé Mario
100%
Bébé Peach
100%
Luigi
100%
Mario
100%
Mario d'or
100%
Mario Tanuki
100%
Peach Chat
100%
Princesse Daisy
100%
Princesse Peach
100%
Roi Boo
100%
Toad
100%
Toadette
100%
Bébé Daisy
96%
Bébé Harmonie
96%
Bowser
96%
Donkey Kong
96%
Harmonie
96%
Koopa Troopa
96%
Link
96%
Waluigi
96%
Wario
96%
Yoshi
96%
Birdo
93%
Bowser Jr.
93%
Diddy Kong
93%
Marie
93%
Maskass
93%
Funky Kong
89%
Lakitu
89%
Skelerex
89%
Villageois
89%
Villageoise
89%
Mario de Métal
86%
Mii
86%
Pauline
86%
Wiggler
86%
Bowser Skelet
82%
Larry Koopa
82%
Peachette
82%
Kamek
79%
Peach d'or rose
79%
Morton Koopa Jr.
75%
Fille Inkling
71%
Garçon Inkling
71%
Wendy O. Koopa
71%
Flora Piranha
68%
Lemmy Koopa
68%
Iggy Koopa
64%
Ludwig von Koopa
64%
Roy Koopa
61%
Aucun quiz correspondant
Distribution des résultats
% des personnes avec chaque résultat
Percentile par nombre de réponses
Votre historique - résultats
Vous n’avez pas pris ce quiz depuis la dernière actualisation